| 000 | 01725nam0a22003491 4500 | ||
|---|---|---|---|
| 001 | rc\4779285 | ||
| 005 | 20260406095157.0 | ||
| 021 |
_aRU _b[64-36146] |
||
| 035 | _a(NLR Aleph) 009027990 | ||
| 090 |
_a9470602 _c9470602 |
||
| 100 | _a20130417d1964 u y0rusy50 ca | ||
| 101 | 0 | _arus | |
| 102 | _aRU | ||
| 105 | _aa z ||||| | ||
| 200 | 1 |
_aИспытание разгрузочно-укладочных очистительных и погрузочных машин и механизмов для сахарной свеклы _fЦентр. ин-т науч.-техн. информации пищевой пром-сти. Гос. ком. по пищевой пром-сти при Госплане СССР |
|
| 210 |
_aМосква _cБ. и. _d1964 |
||
| 215 |
_a47 с. _cил. _d21 |
||
| 225 | 1 | _a[Техническая информация] | |
| 300 | _aНа обл. авт. не указаны | ||
| 300 | _aПеред загл. авт.: В.А. Новиков, Н.М. Кичигин, В.С. Яценко | ||
| 606 |
_aСахарная свекла _xОчистка _xМеханизация _2psbo |
||
| 606 |
_aСахарная свекла _xПогрузка и разгрузка _xМеханизация _2psbo |
||
| 606 |
_aБуртоукладчики _2psbo |
||
| 700 | 1 |
_7ca _8rus _aНовиков _bВ. А. _cканд. техн. наук, механизация сел. хоз-ва _gВасилий Александрович _3RU\NLR\AUTH\770287586 _92689425 |
|
| 701 | 1 |
_aКичигин _bН.М. _gНиколай Михайлович |
|
| 701 | 1 |
_aЯценко _bВ.С. |
|
| 801 | 0 |
_aRU _bNLR _gpsbo |
|
| 801 | 1 |
_aRU _bELAR _2rusmarc |
|
| 852 |
_aNLR _j64-6/5470 |
||
| 942 | _cBOOK | ||
| 980 | _aNB | ||